L'Obra xilogràfica d'Antoni Ollé Pinell / de Núria Terrades Boscà
Descripción Física:
169 p. : il. (algunes col.) ; 24 cm
MARC
| LEADER | 00000nam a2200000Ia 4500 | ||
|---|---|---|---|
| 001 | 7643 | ||
| 003 | BGR | ||
| 005 | 20260324175406.0 | ||
| 008 | 160829s1986 xx 000 0 cat d | ||
| 080 | |a B-1-128 | ||
| 100 | |a Terrades Boscà, Núria |9 30841 | ||
| 245 | |a L'Obra xilogràfica d'Antoni Ollé Pinell / de Núria Terrades Boscà | ||
| 260 | |a Barcelona : |b Diputació de Barcelona, Biblioteca de Catalunya, |c 1986 | ||
| 300 | |a 169 p. : |b il. (algunes col.) ; |c 24 cm | ||
| 490 | |a Catàlegs i altres publicacions de la Secció d'Estampes, Mapes i Gravats ; 5 | ||
| 650 | |a Biblioteca de Catalunya |x Catàlegs |9 23702 | ||
| 650 | |a Ollé Pinell, Antoni |9 30842 | ||
| 650 | 0 | |a Xilografia |z Catalunya |y S. XX |9 29430 | |
| 710 | 1 | |a Biblioteca de Catalunya |9 52741 |b Secció d'Estampes, Mapes i Gravats | |
| 901 | |a Arxiu | ||
| 942 | |n 1 |2 udc |c MON | ||
| 952 | |0 0 |1 0 |4 0 |6 B1128 |7 1 |9 45543 |a Arxiu |b Arxiu |d 2016-12-01 |l 0 |o B-1-128 |p 7643 |r 2016-12-01 00:00:00 |w 2016-12-01 |y ARXIU | ||
| 999 | |c 48711 |d 48711 | ||